The Voice UK Coaches by Picture Quiz - Statistics

General Stats
  • This quiz has been taken 108 times
    37 since last reset
  • The average score is 12 of 17
Answer Stats
Picture Hint Answer % Correct
1- will.i.am
88%
1-2 Jessie J
85%
9 Meghan Trainor
85%
4 Rita Ora
85%
5 Boy George
82%
7-12 Olly Murs
82%
1-4,6- Tom Jones
82%
6-8 Jennifer Hudson
76%
13- Danny Jones
74%
3 Kylie Minogue
74%
5 Paloma Faith
68%
10-12 Anne-Marie
65%
13- Tom Fletcher
65%
1-2 Danny O'Donoghue
56%
3-5 Ricky Wilson
56%
13 LeAnn Rimes
47%
6 Gavin Rossdale
41%
No matching quizzes found
Score Distribution
Percent of People with Each Score
Percentile by Number Answered
Your Score History
You have not taken this quiz since the last reset